000 00433nam a2200157Ia 4500
008 240729s9999 xx 000 0 und d
022 _a1479-8360
245 0 _aMuseum & Society
260 _aUnited Kingdom
260 _bUniversity of Leicester
650 _a Museums. Collectors and collecting
650 _aGeneral Works
856 _uhttps://doaj.org/toc/5a0b584f4702433291857d2c8be85b19
942 _2ddc
942 _cDOAJEJ
999 _c74679
_d74679
945 _a1
_bMadushi Gamage
_c1
_dMadushi Gamage